| 000 | 00478nam a2200169 i 4500 | ||
|---|---|---|---|
| 001 | 47625 | ||
| 003 | ES-MaACL | ||
| 005 | 20230906161612.0 | ||
| 007 | t| | ||
| 008 | 030508m19131916po ||||1| por d | ||
| 080 | _a821.134.3-14"19" | ||
| 100 | 1 |
_aFerreira, Joâo Maria. _950372 |
|
| 245 | 1 | 0 |
_aPáginas de álbum / _cJoao Maria Ferreira. |
| 260 |
_aLisboa : _bLivraria Ferin, _c1913-1916. |
||
| 300 |
_a104 p. (en 7 fasc.) : _bil. ; _c30 cm. |
||
| 852 |
_aES-MaACL _j1537-F-1-6 |
||
| 999 |
_c47625 _d47625 |
||